Introduction to management accounting / (Record no. 3309)

000 -LEADER
fixed length control field 01265cam a22003494a 4500
001 - CONTROL NUMBER
control field 14762125
003 - CONTROL NUMBER IDENTIFIER
control field OSt
005 - DATE AND TIME OF LATEST TRANSACTION
control field 20160930163006.0
008 - FIXED-LENGTH DATA ELEMENTS--GENERAL INFORMATION
fixed length control field 070308s2008 njua b 001 0 eng
010 ## - LIBRARY OF CONGRESS CONTROL NUMBER
LC control number 2007009641
020 ## - INTERNATIONAL STANDARD BOOK NUMBER
International Standard Book Number 9780273737551
035 ## - SYSTEM CONTROL NUMBER
System control number (OCoLC)ocm85830790
035 ## - SYSTEM CONTROL NUMBER
System control number (OCoLC)85830790
040 ## - CATALOGING SOURCE
Original cataloging agency DLC
Transcribing agency DLC
Modifying agency YDX
-- BAKER
-- BTCTA
-- YDXCP
-- DLC
050 00 - LIBRARY OF CONGRESS CALL NUMBER
Classification number HF5635.B45 2012
082 00 - DEWEY DECIMAL CLASSIFICATION NUMBER
Classification number 658.15/11
Edition number 22
100 ## - MAIN ENTRY--PERSONAL NAME
Personal name Bhimani,Alnoor
245 00 - TITLE STATEMENT
Title Introduction to management accounting /
Statement of responsibility, etc Charles T. Horngren ... [et al.].
260 ## - PUBLICATION, DISTRIBUTION, ETC. (IMPRINT)
Place of publication, distribution, etc Harlow :
Name of publisher, distributor, etc Pearson Education Ltd,
Date of publication, distribution, etc c2012.
300 ## - PHYSICAL DESCRIPTION
Extent xxi, 700 p. :
Other physical details ill. (some col.) ;
Dimensions 25 cm.
504 ## - BIBLIOGRAPHY, ETC. NOTE
Bibliography, etc Includes bibliographical references and index.
650 #0 - SUBJECT ADDED ENTRY--TOPICAL TERM
Topical term or geographic name as entry element Managerial accounting.
700 1# - ADDED ENTRY--PERSONAL NAME
Personal name Horngren, Charles T.,
Dates associated with a name 1926-
700 1# - ADDED ENTRY--PERSONAL NAME
Personal name Sundem,Gary
700 1# - ADDED ENTRY--PERSONAL NAME
Personal name Stratton,William
700 1# - ADDED ENTRY--PERSONAL NAME
Personal name Burgstahler,David
700 1# - ADDED ENTRY--PERSONAL NAME
Personal name Schatzberg,Jeff
856 41 - ELECTRONIC LOCATION AND ACCESS
Materials specified Table of contents only
Uniform Resource Identifier <a href="http://www.loc.gov/catdir/toc/ecip0712/2007009641.html">http://www.loc.gov/catdir/toc/ecip0712/2007009641.html</a>
906 ## - LOCAL DATA ELEMENT F, LDF (RLIN)
a 7
b cbc
c orignew
d 1
e ecip
f 20
g y-gencatlg
942 ## - ADDED ENTRY ELEMENTS (KOHA)
Source of classification or shelving scheme
Koha item type Book
Holdings
Withdrawn status Lost status Source of classification or shelving scheme Damaged status Not for loan Home library Current library Shelving location Date acquired Total Checkouts Full call number Barcode Date last seen Copy number Price effective from Koha item type
          Riara University Library Riara University Library General stack 30/09/2016   HF5635.B45 2012 8335/16 30/09/2016 C.1 30/09/2016 Book

Riara University Library,
P.O. Box 49940-00100,
Nairobi, Kenya.